[Event "SLO-chT1 West 29th"]
[Site "Slovenia"]
[Date "2019.09.20"]
[Round "1.1"]
[White "Petek, Francka"]
[Black "Justin, Matjaz"]
[Result "1/2-1/2"]
[WhiteElo "1944"]
[BlackElo "2267"]
[PlyCount "73"]
[EventDate "2019.09.20"]
[EventType "team-tourn"]
[EventRounds "9"]
[EventCountry "SLO"]
[SourceTitle "CBM 192 Extra"]
[Source "Chessbase"]
[SourceDate "2019.11.06"]
[SourceVersion "1"]
[SourceVersionDate "2019.11.06"]
[SourceQuality "1"]
[WhiteTeam "Gorenjka Lesce"]
[BlackTeam "Vrhnika"]
[WhiteTeamCountry "SLO"]
[BlackTeamCountry "SLO"]

1. c4 c5 2. Nc3 Nf6 3. d3 g6 4. g3 Bg7 5. Bg2 0-0 6. Nf3 Nc6 7. 0-0 b6 8. Bd2 Bb7 9. e4 e6 10. Qc1 d5 11. Bh6 Nd4 12. Bxg7 Kxg7 13. Re1 Nxf3+ 14. Bxf3 d4 15. Ne2 e5 16. Bg2 Ng8 17. f4 f6 18. Rf1 h5 19. h3 Nh6 20. Qd2 Qe7 21. Rf2 Rf7 22. Raf1 Raf8 23. a3 a5 24. Kh2 Rh8 25. Kh1 Bc6 26. b4 axb4 27. axb4 Ra8 28. b5 Be8 29. fxe5 fxe5 30. Rxf7+ Bxf7 31. Kh2 Be6 32. Ng1 Nf7 33. Nf3 Ra3 34. Rf2 Qa7 35. Ng5 Qe7 36. Nf3 Qa7 37. Ng5 1/2-1/2

[Event "SLO-ch (Women)"]
[Site "Ljubljana"]
[Date "2008.08.24"]
[Round "9"]
[White "Petek, Francka"]
[Black "Mihevc Mohr, Narcisa"]
[Result "1/2-1/2"]
[WhiteElo "2060"]
[BlackElo "2134"]
[PlyCount "85"]
[EventDate "2008.08.17"]
[EventType "swiss"]
[EventRounds "9"]
[EventCountry "SLO"]
[SourceTitle "CBM 125 Extra"]
[Source "ChessBase"]
[SourceDate "2008.09.01"]
[SourceVersion "1"]
[SourceVersionDate "2008.09.01"]
[SourceQuality "1"]

1. g3 g6 2. Bg2 Bg7 3. d4 d6 4. e4 Nd7 5. Nf3 e5 6. c3 Ngf6 7. Nbd2 0-0 8. 0-0 Re8 9. Qc2 Nh5 10. Re1 Nf8 11. dxe5 dxe5 12. Nc4 Kh8 13. Bg5 f6 14. Rad1 Qe7 15. Bc1 Be6 16. Ne3 c6 17. b4 a5 18. a3 axb4 19. cxb4 Qf7 20. Rd3 h6 21. Red1 f5 22. exf5 gxf5 23. Nh4 e4 24. Rd6 Bb3 25. Qd2 f4 26. Nef5 e3 27. fxe3 fxe3 28. Nxe3 Bxd1 29. Qxd1 Re6 30. Nef5 Rae8 31. Rxe6 Rxe6 32. Bf3 Nf6 33. Bxh6 Bxh6 34. Nxh6 Qe8 35. Qd4 Kh7 36. Ng4 Nxg4 37. Bxg4 Re7 38. Bf5+ Kg8 39. Nf3 Rf7 40. Qg4+ Rg7 41. Qc4+ Kh8 42. Qh4+ Kg8 43. Qc4+ 1/2-1/2

[Event "SLO-chT (Women)"]
[Site "Bled"]
[Date "2004.11.27"]
[Round "8"]
[White "Hrenic, Misa"]
[Black "Petek, Francka"]
[Result "1/2-1/2"]
[WhiteElo "1937"]
[BlackElo "2067"]
[PlyCount "93"]
[EventDate "2004.11.19"]
[EventType "team"]
[EventRounds "9"]
[EventCountry "SLO"]
[SourceTitle "CBM 103 Extra"]
[Source "ChessBase"]
[SourceDate "2005.01.01"]
[SourceVersion "1"]
[SourceVersionDate "2005.01.01"]
[SourceQuality "1"]

1. e4 g6 2. d4 Bg7 3. c3 d6 4. f4 Nf6 5. Bd3 0-0 6. Nf3 Bg4 7. h3 Bxf3 8. Qxf3 e5 9. 0-0 exd4 10. cxd4 Nc6 11. d5 Nb4 12. Nc3 Nxd3 13. Qxd3 c6 14. Be3 Re8 15. dxc6 bxc6 16. Rad1 d5 17. exd5 Nxd5 18. Nxd5 Qxd5 19. Qxd5 cxd5 20. Bd4 Re2 21. Bxg7 Kxg7 22. Rf2 Rae8 23. Rxd5 Re1+ 24. Rf1 R1e2 25. Rf2 Re1+ 26. Kh2 Ra1 27. b3 Re6 28. Ra5 a6 29. f5 Rf6 30. g4 g5 31. h4 gxh4 32. g5 Rd6 33. Ra4 Rdd1 34. Kh3 Rh1+ 35. Rh2 Rhf1 36. Kxh4 Rxf5 37. Kg4 Rd5 38. Rxa6 Rg1+ 39. Kf4 Rdxg5 40. Rah6 R1g4+ 41. Kf3 Rg3+ 42. Kf2 Rc3 43. Rxh7+ Kf8 44. R7h3 Rf5+ 45. Ke2 Rc6 46. Kd3 Rd5+ 47. Ke4 1/2-1/2

[Event "SLO-ch (Women)"]
[Site "Bled"]
[Date "2003.08.08"]
[Round "7"]
[White "Srebrnic, Ana"]
[Black "Petek, Francka"]
[Result "1-0"]
[WhiteElo "2243"]
[BlackElo "2048"]
[PlyCount "67"]
[EventDate "2003.08.03"]
[EventType "swiss"]
[EventRounds "9"]
[EventCountry "SLO"]
[SourceTitle "CBM 095 Extra"]
[Source "ChessBase"]
[SourceDate "2003.09.04"]
[SourceVersion "1"]
[SourceVersionDate "2003.09.04"]
[SourceQuality "1"]

1. Nf3 d5 2. d4 Nf6 3. c4 c6 4. Nc3 dxc4 5. a4 Bg4 6. Ne5 Nbd7 7. Nxg4 Nxg4 8. e4 Ngf6 9. Bxc4 e6 10. 0-0 Be7 11. e5 Nd5 12. Qg4 g6 13. Ne4 h5 14. Qg3 Qb6 15. Rd1 0-0-0 16. a5 Qc7 17. Bg5 Nf8 18. Nd6+ Rxd6 19. Bxe7 Rd7 20. Bd6 Qd8 21. a6 b5 22. Bxb5 Rxd6 23. exd6 cxb5 24. Rac1+ Kd7 25. Rc5 Qb6 26. Rxd5 exd5 27. Qe5 Ne6 28. Qxh8 Qxd6 29. Qa8 Qxa6 30. Qxd5+ Ke7 31. Qe5 Qd6 32. Qxb5 Nxd4 33. Qb7+ Kf8 34. Qe4 1-0

[Event "SLO-ch (Women)"]
[Site "Bled"]
[Date "2003.08.06"]
[Round "5"]
[White "Petek, Francka"]
[Black "Rozic, Vesna"]
[Result "1/2-1/2"]
[WhiteElo "2048"]
[BlackElo "2138"]
[PlyCount "87"]
[EventDate "2003.08.03"]
[EventType "swiss"]
[EventRounds "9"]
[EventCountry "SLO"]
[SourceTitle "CBM 095 Extra"]
[Source "ChessBase"]
[SourceDate "2003.09.04"]
[SourceVersion "1"]
[SourceVersionDate "2003.09.04"]
[SourceQuality "1"]

1. c4 e6 2. Nc3 d5 3. d4 Nf6 4. Nf3 c6 5. Bg5 Nbd7 6. cxd5 exd5 7. e3 Be7 8. Be2 0-0 9. 0-0 Re8 10. Qc2 Nf8 11. Bd3 Ne4 12. Bxe7 Qxe7 13. Nd2 f5 14. Rae1 Be6 15. f3 Nxd2 16. Qxd2 Rad8 17. Qf2 Qd6 18. Qc2 Qd7 19. Ne2 g6 20. e4 dxe4 21. fxe4 fxe4 22. Bxe4 Bd5 23. Bd3 Qg4 24. Rf2 Ne6 25. h3 Qg5 26. Ref1 Rf8 27. Bc4 Rxf2 28. Rxf2 Qe3 29. Bxd5 Rxd5 30. Qc3 Qe4 31. Qb4 Rd7 32. Qc4 Qd5 33. Qxd5 Rxd5 34. Nf4 Rd6 35. Nxe6 Rxe6 36. Kf1 Kg7 37. Re2 Kf6 38. Rxe6+ Kxe6 39. Ke2 Kd5 40. Kd3 a5 41. h4 b5 42. g4 a4 43. b3 axb3 44. axb3 1/2-1/2

[Event "SLO-chT (Women)"]
[Site "Skofja Loka"]
[Date "2002.12.01"]
[Round "4"]
[White "Mihevc Mohr, Narcisa"]
[Black "Petek, Francka"]
[Result "1/2-1/2"]
[WhiteElo "2114"]
[BlackElo "2032"]
[PlyCount "72"]
[EventDate "2002.11.29"]
[EventType "team"]
[EventRounds "7"]
[EventCountry "SLO"]
[SourceTitle "EXT 2005"]
[Source "ChessBase"]
[SourceDate "2004.11.15"]
[SourceVersion "1"]
[SourceVersionDate "2004.11.15"]
[SourceQuality "1"]

1. e4 b6 2. d4 Bb7 3. Bd3 e6 4. Nf3 c5 5. c3 cxd4 6. cxd4 Nc6 7. a3 Nf6 8. Nc3 d5 9. e5 Nd7 10. Be3 Rc8 11. Ng5 Be7 12. h4 Nf8 13. Qf3 f6 14. exf6 Bxf6 15. 0-0 Qd7 16. Ne2 Na5 17. Ng3 Nc4 18. b4 Nb2 19. Bb1 Rc3 20. Qe2 Nc4 21. Bd3 Ba6 22. a4 Rxd3 23. Qxd3 Nxe3 24. Qxe3 Bxf1 25. Kxf1 h6 26. Nf3 Ng6 27. h5 Ne7 28. b5 0-0 29. Re1 Nf5 30. Nxf5 exf5 31. Ne5 Bxe5 32. dxe5 f4 33. Qb3 Qe6 34. Rd1 Rd8 35. Qc3 Qg4 36. Qb3 Qe6 1/2-1/2

[Event "SLO-chT (Women)"]
[Site "Bled"]
[Date "2001.11.18"]
[Round "5"]
[White "Petek, Francka"]
[Black "Rozic, Vesna"]
[Result "0-1"]
[WhiteElo "2038"]
[BlackElo "2079"]
[PlyCount "154"]
[EventDate "2001.11.18"]
[EventType "team"]
[EventRounds "5"]
[EventCountry "SLO"]
[SourceTitle "EXT 2003"]
[Source "ChessBase"]
[SourceDate "2002.11.25"]
[SourceVersion "1"]
[SourceVersionDate "2002.11.25"]
[SourceQuality "1"]

1. g3 d5 2. Bg2 Nf6 3. d3 c6 4. Nf3 Bg4 5. h3 Bxf3 6. Bxf3 Nbd7 7. 0-0 e6 8. Nd2 Be7 9. c4 0-0 10. cxd5 exd5 11. Nb3 Re8 12. Bf4 Nf8 13. Rc1 Ng6 14. Bd2 Bd6 15. Bg2 Qe7 16. Re1 Bb4 17. e4 Bxd2 18. Nxd2 dxe4 19. dxe4 Rad8 20. Qc2 Ne5 21. Re3 Ned7 22. Nf1 Nb6 23. Rce1 Nfd7 24. Ra3 Nc8 25. Ne3 Qc5 26. Rc3 Qa5 27. Nc4 Qc7 28. Ne3 Ndb6 29. Nf5 Ne7 30. Ne3 Nec8 31. f4 Nd6 32. Kh2 f6 33. Rc5 Qf7 34. a4 Nd7 35. Rc3 a5 36. Rd1 Nb6 37. Ng4 Ndc8 38. Re1 Rd4 39. b3 Red8 40. e5 Nd5 41. e6 Qe7 42. Rf3 Nb4 43. Qb1 Nd3 44. Rd1 Ne5 45. fxe5 Rxd1 46. Qf5 Qc5 47. Nf2 Re1 48. exf6 Qxf5 49. Rxf5 Rxe6 50. Ng4 Rf8 51. Rg5 g6 52. h4 Kh8 53. h5 gxh5 54. Rxh5 Nd6 55. Rxa5 Ne8 56. Ra7 h5 57. Nf2 Rfxf6 58. Ne4 Rg6 59. Rxb7 Nd6 60. Nxd6 Rxd6 61. a5 h4 62. a6 hxg3+ 63. Kh3 Rg8 64. Be4 Rh6+ 65. Kg2 Rh2+ 66. Kg1 g2 67. Bxg2 Rhxg2+ 68. Kf1 R2g7 69. Rb6 Rc7 70. b4 Kg7 71. Ke2 Rd8 72. Ke3 Kf7 73. Ke4 Ke7 74. Ke5 Rd5+ 75. Ke4 Rb5 76. Rxb5 cxb5 77. Kd5 Kd7 0-1

[Event "SLO-chT1 (Women)"]
[Site "Bled"]
[Date "2000.??.??"]
[Round "?"]
[White "Petek, Francka"]
[Black "Kosir, Pavla"]
[Result "1/2-1/2"]
[WhiteElo "2039"]
[BlackElo "2005"]
[PlyCount "33"]
[EventDate "2000.??.??"]
[EventType "team"]
[EventRounds "9"]
[EventCountry "SLO"]
[SourceTitle "EXT 2002"]
[Source "ChessBase"]
[SourceDate "2001.11.25"]
[SourceVersion "1"]
[SourceVersionDate "2001.11.25"]
[SourceQuality "1"]

1. g3 Nf6 2. Bg2 d5 3. d3 c6 4. Nf3 g6 5. 0-0 Bg7 6. Nbd2 0-0 7. c4 Re8 8. cxd5 cxd5 9. Nb3 Nc6 10. Bg5 h6 11. Bd2 e6 12. Qc1 e5 13. Qc2 Bd7 14. e4 dxe4 15. Ne1 Bf5 16. dxe4 Nxe4 17. Be3 1/2-1/2

[Event "SLO-ch (Women)"]
[Site "Kranj"]
[Date "1999.10.10"]
[Round "9"]
[White "Petek, Francka"]
[Black "Ankerst, Milka"]
[Result "1/2-1/2"]
[WhiteElo "2055"]
[BlackElo "2131"]
[PlyCount "24"]
[EventDate "1999.10.02"]
[EventType "swiss"]
[EventRounds "9"]
[EventCountry "SLO"]
[SourceTitle "EXT 2000"]
[Source "ChessBase"]
[SourceDate "1999.11.16"]
[SourceVersion "1"]
[SourceVersionDate "1999.11.16"]
[SourceQuality "1"]

1. d4 Nf6 2. c4 e6 3. Nf3 Be7 4. Nc3 d6 5. e4 b6 6. Bd3 Bb7 7. 0-0 Nbd7 8. a3 e5 9. d5 a5 10. Bd2 0-0 11. b4 axb4 12. axb4 Re8 1/2-1/2

[Event "SLO-ch (Women)"]
[Site "Kranj"]
[Date "1999.10.09"]
[Round "8"]
[White "Grosar, Kiti"]
[Black "Petek, Francka"]
[Result "1-0"]
[WhiteElo "2234"]
[BlackElo "2055"]
[PlyCount "79"]
[EventDate "1999.10.02"]
[EventType "swiss"]
[EventRounds "9"]
[EventCountry "SLO"]
[SourceTitle "EXT 2000"]
[Source "ChessBase"]
[SourceDate "1999.11.16"]
[SourceVersion "1"]
[SourceVersionDate "1999.11.16"]
[SourceQuality "1"]

1. e4 d6 2. d4 g6 3. Nc3 Bg7 4. Be3 Nf6 5. f3 0-0 6. Qd2 e5 7. d5 Nbd7 8. 0-0-0 a6 9. Bh6 b5 10. g4 Nb6 11. h4 b4 12. Nb1 Bxg4 13. Bxg7 Kxg7 14. fxg4 Nxe4 15. Qg2 Nc5 16. Ne2 Nc4 17. Rh3 Qf6 18. g5 Qe7 19. Ng3 Nb6 20. Nd2 c6 21. dxc6 d5 22. Be2 Rac8 23. h5 Rxc6 24. Rdh1 Rh8 25. hxg6 fxg6 26. Rh6 Qc7 27. Kb1 Nca4 28. Bd3 e4 29. Ngxe4 Qe5 30. c3 bxc3 31. Nxc3 Nxc3+ 32. bxc3 Qxc3 33. Qh3 Kf8 34. Qe3 Qb4+ 35. Nb3 Rc7 36. Rxg6 Na4 37. Rf1+ Rf7 38. Rxf7+ Kxf7 39. Qe6+ Kf8 40. Rf6+ 1-0

[Event "SLO-ch (Women)"]
[Site "Ljubljana"]
[Date "1997.??.??"]
[Round "3"]
[White "Petek, Francka"]
[Black "Groselj, Petra"]
[Result "0-1"]
[WhiteElo "2040"]
[BlackElo "2065"]
[PlyCount "88"]
[EventDate "1997.??.??"]
[EventType "swiss"]
[EventRounds "10"]
[EventCountry "SLO"]
[SourceTitle "EXT 1999"]
[Source "ChessBase"]
[SourceDate "1998.11.16"]
[SourceVersion "1"]
[SourceVersionDate "1998.11.16"]
[SourceQuality "1"]

1. g3 g6 2. Bg2 Bg7 3. Nf3 Nf6 4. 0-0 0-0 5. c4 d6 6. Nc3 Nc6 7. d3 e5 8. Bg5 h6 9. Bd2 Be6 10. Rb1 a5 11. a3 Nd7 12. b4 axb4 13. axb4 f5 14. b5 Ne7 15. Qc1 Kh7 16. Ne1 Nc5 17. Be3 Rb8 18. Nc2 e4 19. Nb4 Nd7 20. Ncd5 exd3 21. exd3 Ne5 22. Rd1 Bxd5 23. Nxd5 c5 24. Nf4 Qc8 25. h3 Ng8 26. Bd5 Re8 27. d4 cxd4 28. Bxd4 Nf6 29. Ba7 Ra8 30. b6 Ne4 31. Bxe4 fxe4 32. Rxd6 g5 33. Kg2 gxf4 34. Qxf4 Nd3 35. Qf7 Rf8 36. Qg6+ Kh8 37. Rf1 Qc5 38. Rxd3 exd3 39. Qxd3 Rad8 40. Qe4 Rd2 41. h4 Rfxf2+ 42. Rxf2 Qxf2+ 43. Kh3 Qf1+ 44. Kg4 Rd4 0-1

[Event "SLO-chT (Women)"]
[Site "Bled"]
[Date "1997.??.??"]
[Round "2"]
[White "Petek, Francka"]
[Black "Sedina, Elena"]
[Result "0-1"]
[WhiteElo "2040"]
[BlackElo "2400"]
[PlyCount "76"]
[EventDate "1997.??.??"]
[EventType "team"]
[EventRounds "7"]
[EventCountry "SLO"]
[SourceTitle "EXT 1999"]
[Source "ChessBase"]
[SourceDate "1998.11.16"]
[SourceVersion "1"]
[SourceVersionDate "1998.11.16"]
[SourceQuality "1"]

1. g3 Nf6 2. Bg2 d5 3. f4 g6 4. Nf3 Bg7 5. 0-0 0-0 6. d3 c6 7. h3 Nbd7 8. Nc3 Qb6+ 9. Kh2 d4 10. Na4 Qa5 11. c4 Nb6 12. Nxb6 Qxb6 13. b3 Ne8 14. Ba3 c5 15. Rb1 a5 16. Qd2 Nd6 17. e4 Qc7 18. Qf2 Rb8 19. Bc1 f6 20. g4 b5 21. Bd2 Bd7 22. Qg3 a4 23. Rbe1 Nf7 24. e5 fxe5 25. fxe5 Be6 26. Re2 axb3 27. axb3 bxc4 28. bxc4 Rb3 29. Ng5 Nxg5 30. Rxf8+ Bxf8 31. Bxg5 Bxc4 32. Be4 Bg7 33. Bf4 Be6 34. h4 c4 35. h5 cxd3 36. Bxd3 Qc3 37. Rd2 Bxe5 38. hxg6 Qxd2+ 0-1

[Event "SLO-ch (Women)"]
[Site "Ljubljana"]
[Date "1997.??.??"]
[Round "5"]
[White "Vospernik, Mira"]
[Black "Petek, Francka"]
[Result "1/2-1/2"]
[WhiteElo "2120"]
[BlackElo "2040"]
[PlyCount "114"]
[EventDate "1997.??.??"]
[EventType "swiss"]
[EventRounds "10"]
[EventCountry "SLO"]
[SourceTitle "EXT 1999"]
[Source "ChessBase"]
[SourceDate "1998.11.16"]
[SourceVersion "1"]
[SourceVersionDate "1998.11.16"]
[SourceQuality "1"]

1. d4 d5 2. Nf3 Nf6 3. Bf4 c6 4. c3 Nbd7 5. e3 Nh5 6. Bg3 Nxg3 7. hxg3 Nf6 8. Bd3 Bg4 9. Nbd2 g6 10. Qc2 Bg7 11. Ne5 Qc7 12. Nxg4 Nxg4 13. Nf3 e5 14. dxe5 Bxe5 15. Nxe5 Qxe5 16. Be2 Nf6 17. Qa4 Ne4 18. Qb4 0-0-0 19. Qd4 Qxd4 20. cxd4 Kc7 21. Rc1 Rd6 22. b4 Rf6 23. Bf3 Kd6 24. Bxe4 dxe4 25. Rh6 Rf5 26. Rh4 Rb5 27. a3 f5 28. Kd2 h5 29. Kc3 a5 30. Ra1 Ra8 31. Rhh1 axb4+ 32. axb4 Rxa1 33. Rxa1 Ke6 34. Ra8 Rd5 35. Re8+ Kf6 36. Rb8 b5 37. Rb6 Rd6 38. d5 Rxd5 39. Rxc6+ Kg5 40. Kc2 Rd7 41. Rc5 Rb7 42. Kc3 h4 43. gxh4+ Kxh4 44. Rc6 Kg5 45. Rc5 Kf6 46. Kd4 Rd7+ 47. Rd5 Rb7 48. Rd6+ Kg5 49. Kc5 Rc7+ 50. Rc6 Rd7 51. Kxb5 Rd2 52. f4+ Kh5 53. Rc3 Rxg2 54. Kc4 g5 55. fxg5 Kxg5 56. b5 f4 57. exf4+ Kxf4 1/2-1/2

[Event "SLO-chT sf"]
[Site "Slovenia"]
[Date "1996.??.??"]
[Round "2"]
[White "Grobelsek, Ana"]
[Black "Petek, Francka"]
[Result "0-1"]
[WhiteElo "1720"]
[BlackElo "2035"]
[PlyCount "60"]
[EventDate "1996.??.??"]
[EventType "team"]
[EventRounds "7"]
[EventCountry "SLO"]
[SourceTitle "EXT 1997"]
[Source "ChessBase"]
[SourceDate "1996.11.15"]
[SourceVersion "1"]
[SourceVersionDate "1996.11.15"]
[SourceQuality "1"]

1. e4 d6 2. d4 g6 3. f4 Bg7 4. Nf3 Nf6 5. Nc3 0-0 6. Bc4 Nc6 7. Bb3 Na5 8. Be3 Nxb3 9. axb3 c6 10. d5 c5 11. 0-0 b5 12. Qd3 b4 13. Ne2 a5 14. c4 bxc3 15. bxc3 Ba6 16. c4 Ng4 17. Ra2 Nxe3 18. Qxe3 Qb6 19. Kh1 Rfb8 20. Nd2 Bc8 21. f5 Bd7 22. Qf3 Rf8 23. Ng3 a4 24. bxa4 Rxa4 25. Rxa4 Bxa4 26. Rb1 Qa5 27. Qe3 Ra8 28. h3 Be8 29. Rb7 Bf6 30. Nf3 Qa4 0-1

[Event "Litomysl op"]
[Site "Litomysl"]
[Date "1995.??.??"]
[Round "1"]
[White "Petek, Francka"]
[Black "Cech, Pavel"]
[Result "1/2-1/2"]
[WhiteElo "2035"]
[BlackElo "2360"]
[PlyCount "78"]
[EventDate "1995.??.??"]
[EventType "swiss"]
[EventRounds "7"]
[EventCountry "CZE"]
[SourceTitle "EXT 1998"]
[Source "ChessBase"]
[SourceDate "1997.11.17"]
[SourceVersion "1"]
[SourceVersionDate "1997.11.17"]
[SourceQuality "1"]

1. g3 Nf6 2. Bg2 e6 3. c4 d5 4. cxd5 exd5 5. Nf3 Bd6 6. 0-0 0-0 7. d3 Re8 8. Bg5 Nbd7 9. Nc3 h6 10. Bd2 c6 11. a3 Nf8 12. b4 Bg4 13. Re1 Ne6 14. h3 Bxf3 15. Bxf3 Ng5 16. Bg2 Qd7 17. Kh2 d4 18. Na4 Qf5 19. f4 Ne6 20. e4 dxe3 21. Bxe3 Nd5 22. Be4 Qf6 23. Bxd5 cxd5 24. d4 Rac8 25. Nc5 Bxc5 26. dxc5 d4 27. Bg1 b6 28. cxb6 axb6 29. Ra2 Red8 30. Rd2 Rc3 31. a4 h5 32. Qxh5 Nxf4 33. Qe5 Qxe5 34. Rxe5 Ne6 35. Kg2 d3 36. Bxb6 Rc2 37. Be3 Rd4 38. Kf3 Rxb4 39. Rxd3 Rxa4 1/2-1/2

[Event "Litomysl op"]
[Site "Litomysl"]
[Date "1995.??.??"]
[Round "4"]
[White "Zigo, Viktor"]
[Black "Petek, Francka"]
[Result "1-0"]
[WhiteElo "2275"]
[BlackElo "2035"]
[PlyCount "67"]
[EventDate "1995.??.??"]
[EventType "swiss"]
[EventRounds "7"]
[EventCountry "CZE"]
[SourceTitle "EXT 1998"]
[Source "ChessBase"]
[SourceDate "1997.11.17"]
[SourceVersion "1"]
[SourceVersionDate "1997.11.17"]
[SourceQuality "1"]

1. e4 b6 2. d4 Bb7 3. Bd3 Nc6 4. c3 e6 5. Nf3 Nge7 6. 0-0 Ng6 7. d5 Nce5 8. Nxe5 Nxe5 9. Be2 exd5 10. exd5 Be7 11. Bf4 Ng6 12. Bg3 0-0 13. c4 Bh4 14. Nc3 Bxg3 15. hxg3 Re8 16. Qd2 d6 17. Rae1 Qd7 18. Bd1 Rxe1 19. Rxe1 Ne5 20. Ba4 Qg4 21. Re4 Qh5 22. Rh4 Qg6 23. Bc2 f5 24. Nb5 Qf6 25. Rf4 g6 26. b3 a6 27. Nd4 Re8 28. g4 Nxg4 29. Bxf5 gxf5 30. Rxf5 Qg6 31. Rg5 Re1+ 32. Qxe1 Qxg5 33. Qe8+ Kg7 34. Ne6+ 1-0

[Event "SLO-ch (Women)"]
[Site "Slovenia"]
[Date "1994.??.??"]
[Round "?"]
[White "Grosar, Kiti"]
[Black "Petek, Francka"]
[Result "1-0"]
[WhiteElo "2195"]
[BlackElo "2025"]
[PlyCount "101"]
[EventDate "1994.??.??"]
[EventType "swiss"]
[EventRounds "9"]
[EventCountry "SLO"]
[SourceTitle "EXT 1998"]
[Source "ChessBase"]
[SourceDate "1997.11.17"]
[SourceVersion "1"]
[SourceVersionDate "1997.11.17"]
[SourceQuality "1"]

1. e4 b6 2. d4 Bb7 3. Nc3 e6 4. a3 Nc6 5. Nf3 h6 6. Bd3 Nf6 7. e5 Nh7 8. Be3 Be7 9. h4 d6 10. Qd2 Nf8 11. exd6 Bxd6 12. Ne4 Be7 13. 0-0-0 Bf6 14. Nxf6+ gxf6 15. Bxh6 Qd5 16. c4 Qh5 17. Bg7 Rg8 18. Bxf8 Kxf8 19. Rhg1 Rd8 20. Qf4 e5 21. Qxf6 Rd6 22. Qf5 Qh6+ 23. Kb1 exd4 24. Ng5 Nd8 25. g3 c5 26. Qe5 Rh8 27. Rde1 Bc6 28. Ka1 Kg8 29. f4 Qf6 30. Qe2 Ne6 31. Ne4 Bxe4 32. Qxe4 Nf8 33. f5 Rh7 34. Qa8 Qd8 35. Qxa7 f6 36. Qa4 Re7 37. Qc2 Nd7 38. g4 Rg7 39. Re6 Rxe6 40. fxe6 Ne5 41. Qe2 Qd6 42. Re1 Qxe6 43. g5 Re7 44. Be4 Kg7 45. gxf6+ Qxf6 46. Rg1+ Kh6 47. Qd2+ Kh5 48. Rg5+ Kxh4 49. Rf5 Qe6 50. Qh2+ Kg4 51. Qf4+ 1-0

[Event "SLO-chT"]
[Site "Slovenia"]
[Date "1994.??.??"]
[Round "?"]
[White "Kralj, Samo"]
[Black "Petek, Francka"]
[Result "0-1"]
[WhiteElo "1700"]
[BlackElo "2025"]
[PlyCount "68"]
[EventDate "1994.??.??"]
[EventType "team"]
[EventRounds "7"]
[EventCountry "SLO"]
[SourceTitle "EXT 1998"]
[Source "ChessBase"]
[SourceDate "1997.11.17"]
[SourceVersion "1"]
[SourceVersionDate "1997.11.17"]
[SourceQuality "1"]

1. e4 c5 2. Nf3 d6 3. d3 Nc6 4. Nc3 Bg4 5. h3 Bh5 6. Be2 Nf6 7. Bg5 h6 8. Bh4 g5 9. Bg3 Bg7 10. 0-0 0-0 11. Re1 Nd7 12. Qd2 Bg6 13. h4 f6 14. hxg5 fxg5 15. Nd5 e5 16. a3 Kh7 17. b4 Nd4 18. Nxd4 cxd4 19. a4 Nf6 20. Nxf6+ Qxf6 21. Rac1 h5 22. f3 Bh6 23. Qd1 g4 24. Rb1 h4 25. Bf2 g3 26. Bxd4 exd4 27. b5 Qe6 28. Rb4 Be3+ 29. Kh1 Kg7 30. Bf1 Rh8 31. Qa1 Bf2 32. Re2 h3 33. Rxf2 hxg2+ 34. Kxg2 Qh3+ 0-1

[Event "SLO-ch (Women)"]
[Site "Slovenia"]
[Date "1994.??.??"]
[Round "?"]
[White "Marusic, Nada"]
[Black "Petek, Francka"]
[Result "1-0"]
[WhiteElo "2015"]
[BlackElo "2025"]
[PlyCount "65"]
[EventDate "1994.??.??"]
[EventType "swiss"]
[EventRounds "9"]
[EventCountry "SLO"]
[SourceTitle "EXT 1998"]
[Source "ChessBase"]
[SourceDate "1997.11.17"]
[SourceVersion "1"]
[SourceVersionDate "1997.11.17"]
[SourceQuality "1"]

1. d4 d5 2. c4 c6 3. a4 Nf6 4. Nf3 g6 5. Nc3 Bg7 6. g3 0-0 7. cxd5 cxd5 8. Bg2 Nc6 9. 0-0 e6 10. Bg5 h6 11. Bd2 Kh7 12. e3 b6 13. Ne5 Nxe5 14. dxe5 Nd7 15. f4 Ba6 16. Rf2 Nc5 17. Bf1 Bxf1 18. Rxf1 d4 19. Nb5 dxe3 20. Bxe3 Nb7 21. Qf3 Na5 22. Rfd1 Qe7 23. Nd6 f6 24. exf6 Bxf6 25. Rab1 Rab8 26. b4 Nb7 27. Ne4 Bg7 28. a5 Nd8 29. axb6 axb6 30. Rd6 b5 31. Rbd1 Nf7 32. Rd7 Qe8 33. Bc5 1-0

[Event "SLO-ch (Women)"]
[Site "Slovenia"]
[Date "1994.??.??"]
[Round "?"]
[White "Orel, Simona"]
[Black "Petek, Francka"]
[Result "1-0"]
[WhiteElo "2040"]
[BlackElo "2025"]
[PlyCount "125"]
[EventDate "1994.??.??"]
[EventType "swiss"]
[EventRounds "9"]
[EventCountry "SLO"]
[SourceTitle "EXT 1998"]
[Source "ChessBase"]
[SourceDate "1997.11.17"]
[SourceVersion "1"]
[SourceVersionDate "1997.11.17"]
[SourceQuality "1"]

1. d4 d5 2. c4 c6 3. cxd5 cxd5 4. Bf4 Nc6 5. e3 Nf6 6. Nc3 Bd7 7. Nf3 e6 8. a3 a6 9. Bd3 b5 10. 0-0 Na5 11. Ne5 Nc4 12. Qe2 h6 13. Rfd1 Be7 14. Rac1 g5 15. Bg3 h5 16. h4 gxh4 17. Bxh4 Nxe5 18. dxe5 Ng4 19. Bxe7 Qxe7 20. f4 Qh4 21. Qf3 Rg8 22. Re1 Rc8 23. Red1 Ke7 24. Rc2 Nh2 25. Qf2 Rg3 26. Ne2 Rcg8 27. Nxg3 Rxg3 28. Be2 Ng4 29. Bxg4 Qxg4 30. Rdc1 h4 31. Kf1 h3 32. gxh3 Qxh3+ 33. Ke1 Rxe3+ 34. Re2 d4 35. Rxe3 dxe3 36. Qf1 Qh2 37. Qe2 Qxf4 38. Rc3 Qxe5 39. Rxe3 Qg7 40. Qh2 Qd4 41. Rc3 b4 42. axb4 Qxb4 43. Qd2 Qh4+ 44. Kd1 Qa4+ 45. b3 Qa1+ 46. Rc1 Qe5 47. Rc3 Bb5 48. Kc1 f5 49. Qg5+ Kd7 50. Qd2+ Qd6 51. Qh6 Bc6 52. Qg7+ Kc8 53. Qg8+ Kc7 54. Qf7+ Qd7 55. Qh5 Kb7 56. Rc4 Qe7 57. Kb2 Bd5 58. Rc3 a5 59. Rh3 Qc7 60. Qh8 Ka6 61. Rc3 Qb6 62. Qc8+ Bb7 63. Qc4+ 1-0

[Event "SLO-chT"]
[Site "Slovenia"]
[Date "1994.??.??"]
[Round "?"]
[White "Petek, Francka"]
[Black "Krmelj, Natasa"]
[Result "1-0"]
[WhiteElo "2025"]
[BlackElo "2035"]
[PlyCount "105"]
[EventDate "1994.??.??"]
[EventType "team"]
[EventRounds "7"]
[EventCountry "SLO"]
[SourceTitle "EXT 1998"]
[Source "ChessBase"]
[SourceDate "1997.11.17"]
[SourceVersion "1"]
[SourceVersionDate "1997.11.17"]
[SourceQuality "1"]

1. b3 d6 2. Bb2 Nd7 3. e4 e5 4. Nc3 Ngf6 5. d3 g6 6. Be2 Bg7 7. Nf3 a6 8. 0-0 0-0 9. Nd2 Ne8 10. Nd5 c6 11. Ne3 Nb6 12. c4 c5 13. a3 Bd7 14. Bc3 Nc8 15. b4 b6 16. Rb1 Ne7 17. Qb3 f5 18. exf5 Nxf5 19. Bf3 Ra7 20. bxc5 bxc5 21. Qb6 Qxb6 22. Rxb6 Bh6 23. Nxf5 gxf5 24. Nb3 Ba4 25. Nxc5 dxc5 26. Rxh6 Nf6 27. Bxe5 Kg7 28. Rh3 Re8 29. d4 cxd4 30. Bxd4 Rd7 31. Bd5 f4 32. Rh4 Kg6 33. Bxf6 Kxf6 34. Rxf4+ Kg5 35. g3 Re2 36. h4+ Kg6 37. g4 Ra2 38. Rf3 Re7 39. Rb1 Bd7 40. Rb6+ Kg7 41. Rxa6 Bxg4 42. Rg3 h5 43. Bf3 Kh7 44. Bxg4 hxg4 45. Rxg4 Rf7 46. f4 Rd7 47. Rg2 Ra1+ 48. Kh2 Rd4 49. Re2 Rxf4 50. Re7+ Kg8 51. Ra8+ Rf8 52. Rxf8+ Kxf8 53. Ra7 1-0